États sans littoral des États-Unis - Mort subite - Statistiques

Statistiques générales
  • Ce quiz a été pris 190 fois
  • Le résultat moyen est 12 sur 27
Answers on the Grid
Answers color-coded by a green-red scale on the quiz's grid according to % correct below.
Alabama
Alaska
Arizona
Arkansas
Californie
Colorado
Connecticut
Delaware
Floride
Géorgie
Hawaii
Idaho
Illinois
Indiana
Iowa
Kansas
Kentucky
Louisiane
Maine
Maryland
Massachusetts
Michigan
Minnesota
Mississippi
Missouri
Montana
Nebraska
Nevada
New Hampshire
New Jersey
Nouveau-Mexique
New York
Caroline du Nord
Dakota du Nord
Ohio
Oklahoma
Oregon
Pennsylvanie
Rhode Island
Caroline du Sud
Dakota du Sud
Tennessee
Texas
Utah
Vermont
Virginie
Washington
Virginie-Occidentale
Wisconsin
Wyoming
 
Statistiques - réponses
Réponse % Correct
Dakota du Sud
62%
Utah
57%
Kentucky
52%
Colorado
51%
Kansas
51%
Nebraska
51%
Dakota du Nord
50%
Idaho
48%
Indiana
48%
Montana
48%
Nevada
48%
Ohio
48%
Tennessee
48%
Illinois
46%
Missouri
46%
Arizona
45%
Michigan
45%
Oklahoma
45%
Wyoming
45%
Arkansas
44%
Iowa
44%
Minnesota
43%
Nouveau-Mexique
42%
Wisconsin
41%
Virginie-Occidentale
38%
Vermont
22%
Pennsylvanie
20%
Aucun quiz correspondant
Distribution des résultats
% des personnes avec chaque résultat
Percentile par nombre de réponses
Votre historique - résultats
Vous n’avez pas pris ce quiz